Metody kompilacji

Enregistré dans:
Détails bibliographiques
Auteur principal: Hopgood, F.R.A
Format: Livre
Langue:polonais
Publié: Warszava Wydawnictwo Naukowe 1982
Tags: Ajouter un tag
Pas de tags, Soyez le premier à ajouter un tag!

MARC

LEADER 00000nam a2200000 4500
001 c137834
005 20231103121838.1
041 0 |a pol 
044 |a PL 
245 1 0 |a Metody kompilacji  |c F.R.A. Hopgood 
264 1 |a Warszava  |b Wydawnictwo Naukowe  |c 1982 
300 |a 182 s. 
100 1 |a Hopgood, F.R.A.